Normal view
MARC view
- العمل و العمال -- قوانين و أنظمة -- الأردن -- قانون العمل -- الأردن -- عقود العمل -- قوانين و أنظمة -- الأردن
Entry Topical Term
001 - CONTROL NUMBER
- control field: 29607
003 - CONTROL NUMBER IDENTIFIER
- control field: JO-AjAnu
005 - DATE AND TIME OF LATEST TRANSACTION
- control field: 20230606075014.0
008 - FIXED-LENGTH DATA ELEMENTS
- fixed length control field: 230606|| aca||aabn | a|a d
040 ## - CATALOGING SOURCE
- Original cataloging agency: JO-AjAnu
- Transcribing agency: JO-AjAnu
150 ## - HEADING--TOPICAL TERM
- Topical term or geographic name entry element: العمل و العمال -- قوانين و أنظمة -- الأردن -- قانون العمل -- الأردن -- عقود العمل -- قوانين و أنظمة -- الأردن
670 ## - SOURCE DATA FOUND
- Source citation: Work cat.: (JO-AjAnu)15202: تاليف ملكاوي، بشار عدنان, author 29606, أهم المبادىء القانونية التي تحكم عقد العمل الفردي في قانون العمل الأردني